000 00620nam a22001815i 4500
001 154809
003 ES-MaACL
005 20230906205848.0
008 040715m18471853xxk |||| | eng d
040 _aCAM
_bspa
_cCAM
100 1 _aGrote, George.
_9127573
245 1 0 _aHistory of Greece /
_cby George Grote.
260 _aLondon :
_bJohn Murray,
_c1847-1853 (
_fprinted by Richard and John E. Taylor)
300 _a12 v. ;
_c22 cm.
651 4 _aGrecia-
_xHistoria.
_98777
752 _aGran BretaƱa -
_dLondres
852 _aES-MaACL
_jG-11335-11343
_z-- Enc. tela deteriorada
_q-- Contiene unicamente los t.III-XI
999 _c154809
_d154809